| 000 | 00607cam a22001934a 4500 | ||
|---|---|---|---|
| 005 | 20250605164024.0 | ||
| 008 | 250528s ||||||||||||||||||||||||d | ||
| 035 | _a16444 | ||
| 020 | _a9607447026 | ||
| 040 |
_aGR-AtMCL _bgre _dGR-AtMCL _eAACR2 |
||
| 245 | 1 | _aTracing the Moral / Handly Dictionary III | |
| 260 |
_bG C Editions, _c1994 |
||
| 300 | _a32 | ||
| 520 | _aA unique, innovative contemplation of Aesop's fables designed for Elementary to Advanced students and those who adore to delve into meaning. | ||
| 700 | 1 |
_aGlychou - Photinia C _92539 |
|
| 942 | _cBK | ||
| 999 |
_c1944 _d1944 |
||